| 000 -LEADER |
| fixed length control field |
00637nam a22001697a 4500 |
| 003 - CONTROL NUMBER IDENTIFIER |
| control field |
OSt |
| 005 - DATE AND TIME OF LATEST TRANSACTION |
| control field |
20260123110917.0 |
| 008 - FIXED-LENGTH DATA ELEMENTS--GENERAL INFORMATION |
| fixed length control field |
260120b xxua|||| |||| 00| 0 eng d |
| 040 ## - CATALOGING SOURCE |
| Transcribing agency |
csu |
| 100 ## - MAIN ENTRY--PERSONAL NAME |
| Personal name |
Concepcion, Ofelia E. |
| Relator term |
author. |
| 245 ## - TITLE STATEMENT |
| Title |
Ang arko ni Noah |
| Statement of responsibility, etc |
isinalaysay ni Ofelia E. Concepcion; guhit Randy Tores ; disenyo ni Milton Delos Santos |
| 260 ## - PUBLICATION, DISTRIBUTION, ETC. (IMPRINT) |
| Place of publication, distribution, etc |
[Place of publication not identified] : |
| Name of publisher, distributor, etc |
[name of publisher not identified], |
| Date of publication, distribution, etc |
[date of publication not identified]. |
| 300 ## - PHYSICAL DESCRIPTION |
| Extent |
24 pages : |
| Other physical details |
color illustrations. |
| 500 ## - GENERAL NOTE |
| General note |
The best bedtime stories in full color |
| 700 ## - ADDED ENTRY--PERSONAL NAME |
| Personal name |
Torres, Randy. |
| 942 ## - ADDED ENTRY ELEMENTS (KOHA) |
| Source of classification or shelving scheme |
|
| Koha item type |
Books |